Upping the ante for political economy analysis of the international financial institutions (Registro nro. 32206)
[ vista simple ]
| 000 -CABECERA | |
|---|---|
| Longitud fija campo de control | 00866naa a2200241 c 4500 |
| 001 - NÚMERO DE CONTROL | |
| Número de control | 32206 |
| 003 - IDENTIFICADOR DE NÚMERO DE CONTROL | |
| Identificador del número de control | ES-MaCES |
| 005 - FECHA Y HORA DE LA ÚLTIMA TRANSACCIÓN | |
| Fecha y hora de la última transacción | 20150929124734.0 |
| 008 - CAMPO FIJO DE DESCRIPCIÓN FIJA--INFORMACIÓN GENERAL | |
| Códigos de información de longitud fija | 010525n2001 xxu 00| | eng d |
| 035 ## - NÚMERO DE CONTROL DEL SISTEMA | |
| Número de control del sistema | CES20010002181v |
| 040 ## - FUENTE DE CATALOGACIÓN | |
| Centro catalogador de origen | ES-MaCES |
| Lengua de catalogación | spa |
| Centro transcriptor | ES-MaCES |
| 100 1# - ENCABEZAMIENTO PRINCIPAL--NOMBRE PERSONAL | |
| Nombre de persona | Willett, Thomas D. |
| 9 (RLIN) | 26293 |
| 245 10 - MENCIÓN DE TÍTULO | |
| Título | Upping the ante for political economy analysis of the international financial institutions |
| Mención de responsabilidad, etc. | Thomas D. Willett |
| 650 #4 - ASIENTO SECUNDARIO DE MATERIA--TÉRMINO DE MATERIA | |
| Término de materia o nombre geográfico como elemento inicial | análisis económico |
| 9 (RLIN) | 27070 |
| 650 #4 - ASIENTO SECUNDARIO DE MATERIA--TÉRMINO DE MATERIA | |
| Término de materia o nombre geográfico como elemento inicial | Banco Mundial |
| 9 (RLIN) | 26715 |
| 650 #4 - ASIENTO SECUNDARIO DE MATERIA--TÉRMINO DE MATERIA | |
| Término de materia o nombre geográfico como elemento inicial | sistema monetario internacional |
| 9 (RLIN) | 28167 |
| 653 10 - TÉRMINO DE INDEXACIÓN--NO CONTROLADO | |
| Término no controlado | Financiación |
| 650 #4 - ASIENTO SECUNDARIO DE MATERIA--TÉRMINO DE MATERIA | |
| 9 (RLIN) | 30761 |
| Término de materia o nombre geográfico como elemento inicial | sector financiero |
| 773 0# - ENTRADA DE DOCUMENTO FUENTE | |
| Título | The world economy |
| Parte(s) relacionada(s) | vol. 24, no. 3 (Mar. 2001){10214 R. 042015}; p. 317-332 |
| Número de control del registro relacionado | (ES-MaCES)25728 |
| Itemnumber del ítem fuente | 70081 |
| 902 ## - CES. TIPO DE DOCUMENTO | |
| Tipodoc (006$c Sirtex) | ART Artículo de revista |
| 942 ## - ELEMENTOS KOHA | |
| Fuente de clasificaión o esquema | Clasificación propia del CES |
| Koha [por defecto] tipo de item | Artículos (1982-2017) |
| Parte de clasificación | 0.0. |
No hay ítems disponibles.
